Testujeme pražské hotely.

V Prahe dopyt po ubytovacích zariadeniach prevyšuje ich ponuku. Výsledkom je, že zariadenia najvýšších tried sa mohli priblížiť cenovej úrovni ubytovania v špičkových hoteloch západoeurópskych metropolí. Porovnanie cien ubytovania v pražských a viedenských hoteloch. Testovanie úrovne poskytovaných s...

Ausführliche Beschreibung

Gespeichert in:
Bibliographische Detailangaben
1. Verfasser: Simonian, Aram
Format: Buchkapitel
Sprache:Tschechisch
Schlagworte:
Tags: Tag hinzufügen
Keine Tags, Fügen Sie das erste Tag hinzu!

MARC

LEADER 00000naa a2200000 4500
001 r006756
005 20221125075704.1
041 0 |a cze 
044 |a [CS] 
245 1 0 |a Testujeme pražské hotely.  |c A. Simonian 
520 |a V Prahe dopyt po ubytovacích zariadeniach prevyšuje ich ponuku. Výsledkom je, že zariadenia najvýšších tried sa mohli priblížiť cenovej úrovni ubytovania v špičkových hoteloch západoeurópskych metropolí. Porovnanie cien ubytovania v pražských a viedenských hoteloch. Testovanie úrovne poskytovaných služieb v sledovaných hoteloch v relácii k účtovným cenám. 
610 2 0 |a zariadenia ubytovacie 
610 2 0 |a ceny 
610 2 0 |a Praha 
610 2 0 |a služby 
610 2 0 |a porovnanie štatistické 
100 1 |a Simonian, Aram